000 00851nam a2200229 i 4500
001 182671
003 ES-MaACL
005 20250902225551.0
008 131009s2012 sp | |||||||| | spa d
020 _a978-84-92705-21-4
080 _a821.134.2(861)-14"19"
100 1 _aRomero, Armando.
_9148789
245 1 0 _aAmanece aquella oscuridad /
_cArmando Romero.
260 _aSevilla :
_bSibilina :
_bFundación BBVA,
_cimp. 2012.
300 _a91 p. ;
_c21 cm.
490 1 _aBiblioteca Sibila-Fundación BBVA de poesía en español ;
_v32. Inédito
830 0 _aBiblioteca Sibila-Fundación BBVA de poesía en español ;
_v32. Inédito
_9191809
852 _aES-MaACL
_jA-12839
_9189588
_bR.149053
_cDEPO1
_dOlim: N-5839
_xDonación: Fundación BBVA
914 _aFundación BBVA
_ednr
_94230
942 _2udc
_cMONOGRAFIA
999 _c182671
_d182671